000 00275nam a22001337a 4500
008 170815b xxu||||| |||| 00| 0 eng d
020 _a9780201441383
041 _aeng
080 _a51
100 _a36
101 _aMAT
245 _aCALCULUS
_cDEMANA.F
942 _2udc
_cBK
999 _c23458
_d23458